00779nam a2200205 a 450000100100000000500170001000800410002702000150006804000250008308200130010810000440012124500940016526000300025930000210028949000280031050000700033883000370040895201110044599900170055600004315420201002040659.0140220s2000 sp 001 0 spa d a8477370850 aDO-SdBNPbspacBNPHU axxxbxxx1 aGómez Porro, Francisco,d1958-97071513aLa conquista de Madrid :bpaletos, provincianos e inmigrantes /cFrancisco Gómez-Porro. aMadrid :bSílex,c2000. a229 p. ;c22 cm.1 aBiblioteca de Madridv2 aIncluye datos biográficos del autor en la solapa de la cubierta 0aBiblioteca de Madrid ;n2970716 001050718MOaGRbGRcCTd2014-02-20iLF1l0oxxx xxxp43154-10r2020-06-25w2020-06-25y1ZNo se presta c42643d42643